Onwuama v London Borough of Ealing (Record no. 80523)
[ view plain ]
| 000 -LEADER | |
|---|---|
| fixed length control field | 02053cad a22002775a 4500 |
| 001 - CONTROL NUMBER | |
| control field | L144576 |
| 008 - FIXED-LENGTH DATA ELEMENTS--GENERAL INFORMATION | |
| fixed length control field | 080729e20080714xxk f v 000 0 eng d |
| 035 ## - SYSTEM CONTROL NUMBER | |
| System control number | (Sirsi) u144576 |
| 041 0# - LANGUAGE CODE | |
| Language code of text/sound track or separate title | eng |
| 245 00 - TITLE STATEMENT | |
| Title | Onwuama v London Borough of Ealing |
| Medium | [electronic resource] |
| 260 ## - PUBLICATION, DISTRIBUTION, ETC. | |
| Date of publication, distribution, etc. | 2008 |
| 520 ## - SUMMARY, ETC. | |
| Summary, etc. | [2008] EWHC 1704 (QB), 14 July 2008. Case found that res judicata should apply to the Landlord and Tenant Act 1985 S11. As a result, court was right to find that a tenant should be estopped from re-litigating a claim to the cause of dampness in her flat as this issue had already been determined against her. Appellant tenant (S) appealed against the decision of a county court to strike out her claims against local authority and landlord (R) for damp in her property. In her first claim she did not submit the evidence of an expert witness and damp had been attributed to condensation. S then tried to bring a second set of proceedings with evidence provided by an expert witness adducing the damp to the lack of a damp proof course in her property. She was estopped from proceeding as the source of the damp had already been decided and there was therefore no case of disrepair to answer. Appeal dismissed: case was in the public interest, as there must be a finality to litigation. As it was clear that S was seeking to claim in the second action for a matter already covered in the first, it was right that she be estopped from reopening a factual issue. |
| 590 ## - LOCAL NOTE (RLIN) | |
| Local note | KA |
| 650 24 - SUBJECT ADDED ENTRY--TOPICAL TERM | |
| Topical term or geographic name entry element | ONWUAMA V LONDON BOROUGH OF EALING |
| 650 24 - SUBJECT ADDED ENTRY--TOPICAL TERM | |
| Topical term or geographic name entry element | ARNOLD V NATIONAL WESTMINSTER BANK PLC |
| 650 24 - SUBJECT ADDED ENTRY--TOPICAL TERM | |
| Topical term or geographic name entry element | LANDLORD AND TENANT ACT 1985 S11 |
| 650 24 - SUBJECT ADDED ENTRY--TOPICAL TERM | |
| Topical term or geographic name entry element | THODAY V THODAY |
| 650 24 - SUBJECT ADDED ENTRY--TOPICAL TERM | |
| Topical term or geographic name entry element | BRADSHAW V M'MULLAN |
| 650 24 - SUBJECT ADDED ENTRY--TOPICAL TERM | |
| Topical term or geographic name entry element | DEFECTIVE PREMISES ACT 1974 S4 |
| 650 24 - SUBJECT ADDED ENTRY--TOPICAL TERM | |
| Topical term or geographic name entry element | GRIFFITHS V DAVIES |
| 650 24 - SUBJECT ADDED ENTRY--TOPICAL TERM | |
| Topical term or geographic name entry element | HENDERSON V HENDERSON |
| 651 #4 - SUBJECT ADDED ENTRY--GEOGRAPHIC NAME | |
| Geographic name | England and Wales |
| Chronological subdivision | 1543- |
| 690 ## - LOCAL SUBJECT ADDED ENTRY--TOPICAL TERM (OCLC, RLIN) | |
| Topical term or geographic name as entry element | PROPERTY-LANDLORD AND TENANT-DILAPIDATIONS |
| 856 40 - ELECTRONIC LOCATION AND ACCESS | |
| Uniform Resource Identifier | <a href="https://www.bailii.org/ew/cases/EWHC/QB/2008/1704.html">https://www.bailii.org/ew/cases/EWHC/QB/2008/1704.html</a> |
| Public note | View the case free of charge at www.bailii.org... |
| 942 ## - ADDED ENTRY ELEMENTS (KOHA) | |
| Suppress in OPAC | 0 |
| Withdrawn status | Lost status | Source of classification or shelving scheme | Damaged status | Not for loan | Home library | Current library | Shelving location | Date acquired | Total Checkouts | Full call number | Barcode | Date last seen | Copy number | Price effective from | Koha item type |
|---|---|---|---|---|---|---|---|---|---|---|---|---|---|---|---|
| Dewey Decimal Classification | Virtual | Virtual | Online | 29/07/2008 | ONLINE PUBLICATION | 144576-1001 | 06/08/2019 | 1 | 06/08/2019 | Law report |